All Lana Del Rey Albums - Statistics

General Stats
  • This quiz has been taken 35 times
  • The average score is 8 of 9
Answer Stats
Year Album % Correct
2012 Born To Die
97%
2021 Chemtrails Over The Country Club
97%
2015 Honeymoon
97%
2014 Ultraviolence
97%
2017 Lust For Life
91%
2019 Normal Fucking Rockwell!
91%
2021 Blue Banisters
88%
2023 Did you know that there's a tunnel under Ocean Blvd
88%
2012 Paradise
88%
No matching quizzes found
Score Distribution
Percent of People with Each Score
Percentile by Number Answered
Your Score History
You have not taken this quiz